| 000 | 00982nmm a2200301 a 4500 | ||
|---|---|---|---|
| 001 | ocm0002015621 | ||
| 003 | TR-IsHL | ||
| 005 | 20201028180157.0 | ||
| 008 | 181205s2010 tu tur | ||
| 007 | cr cn | ||
| 020 | _a9786055476007 | ||
| 035 |
_a2015621 _b(N$T) |
||
| 050 | 0 | 4 |
_aPL248.T367 _bA8 2010 |
| 090 | 0 | 4 |
_aPL248.T367 _bA8 2010 |
| 100 | 1 | _aTanrısever, Sevgi | |
| 245 | 1 | 0 |
_aAtatürk çocuk olmuş _h[electronic resource] / _cSevgi Tanrısever ; editör Mustafa Sürmeli |
| 250 | _a3. Baskı | ||
| 260 |
_aİstanbul : _bBizim Kitaplar, _c2010 |
||
| 300 | _a80 p. | ||
| 650 | 4 | _aDil ve Edebiyat | |
| 650 | 4 | _aLanguage and Literature | |
| 650 | 0 | _aAtatürk, Mustafa Kemal, 1881-1938. | |
| 650 | 0 | _aÇocuk hikayeleri, Türk | |
| 650 | 0 | _aChildren story, Turkish | |
| 650 | 7 |
_aJUVENILE FICTION / General _2bisacsh |
|
| 700 | 1 | _aSürmeli, Mustafa | |
| 856 | 4 | 0 | _uhttp://search.ebscohost.com/login.aspx?direct=true&scope=site&db=e011xww&AN=2015621 |
| 999 |
_c19018 _d19018 |
||